PHARMACEUTICAL MICROBIOLOGY (Record no. 7543)

MARC details
000 -LEADER
fixed length control field 00450nam a22001697a 4500
005 - DATE AND TIME OF LATEST TRANSACTION
control field 20240110115604.0
008 - FIXED-LENGTH DATA ELEMENTS--GENERAL INFORMATION
fixed length control field 210306b ||||| |||| 00| 0 eng d
020 ## - INTERNATIONAL STANDARD BOOK NUMBER
ISBN 81-219-4246-2
041 ## - LANGUAGE CODE
Language code of text/sound track or separate title eng
082 ## - DEWEY DECIMAL CLASSIFICATION NUMBER
Classification number 615.19
100 ## - MAIN ENTRY--AUTHOR NAME
Personal name REDDY, DR. A. VENKATESHWAR , JAYAVEERA Dr. K.N AND SREENIVASULU Dr. V
245 ## - TITLE STATEMENT
Title PHARMACEUTICAL MICROBIOLOGY
260 ## - PUBLICATION, DISTRIBUTION, ETC. (IMPRINT)
Place of publication RAMNAGAR
Name of publisher S.CHAND
Year of publication 2014
300 ## - PHYSICAL DESCRIPTION
Number of Pages 178,p
650 ## - SUBJECT ADDED ENTRY--TOPICAL TERM
Topical Term PHARMACY
942 ## - ADDED ENTRY ELEMENTS (KOHA)
Koha item type Books
Holdings
Lost status Damaged status Collection code Home library Current library Shelving location Date acquired Source of acquisition Cost, normal purchase price Full call number Accession Number Koha item type
    PHARMACY JRU Library JRU Library SHELF-17-G 06/03/2021 PURCHES 150.00 615.19 25751 Books
    PHARMACY JRU Library JRU Library SHELF-17-G 06/03/2021 PURCHES 150.00 615.19 25752 Books
    PHARMACY JRU Library JRU Library SHELF-17-G 06/03/2021 PURCHES 150.00 615.19 25753 Books
    PHARMACY JRU Library JRU Library SHELF-17-G 06/03/2021 PURCHES 150.00 615.19 25754 Books
    PHARMACY JRU Library JRU Library SHELF-17-G 06/03/2021 PURCHES 150.00 615.19 25755 Books